The Great European illusion (Registro nro. 8765)

Detalles MARC
000 -LEADER
campo de control de longitud fija 00956nam a2200289 i 4500
001 - NÚMERO DE CONTROL
campo de control 8765
003 - IDENTIFICADOR DE NÚMERO DE CONTROL
campo de control ES-MaACL
005 - FECHA Y HORA DE LA ÚLTIMA TRANSACCIÓN
campo de control 20230906145526.0
007 - CAMPO FIJO DE DESCRIPCIÓN FÍSICA--INFORMACIÓN GENERAL
campo de control de longitud fija t|
008 - DATOS DE LONGITUD FIJA--INFORMACIÓN GENERAL
campo de control de longitud fija 920928s1992 xxk ||||1| eng d
020 ## - NÚMERO INTERNACIONAL ESTÁNDAR DEL LIBRO
Número Internacional Estándar del Libro 0-631-17695-0
080 ## - NÚMERO DE LA CLASIFICACIÓN DECIMAL UNIVERSAL
Número de la Clasificación Decimal Universal 330.191.6(4)
100 1# - ENTRADA PRINCIPAL--NOMBRE DE PERSONA
Nombre de persona Minc, Alain.
9 (RLIN) 81313
245 14 - MENCIÓN DEL TÍTULO
Título The Great European illusion
Resto del título : business in the wider community /
Mención de responsabilidad, etc. Alain Minc ; with a foreword by Ronnie Lessem ; translated by Lindsey Jones.
250 ## - MENCION DE EDICION
Mención de edición [1st. ed.].
260 ## - PUBLICACIÓN, DISTRIBUCIÓN, ETC.
Lugar de publicación, distribución, etc. Oxford ;
-- Cambridge :
Nombre del editor, distribuidor, etc. Blackwell,
Fecha de publicación, distribución, etc. 1992.
300 ## - DESCRIPCIÓN FÍSICA
Extensión 257 p. ;
Dimensiones 24 cm.
490 1# - MENCIÓN DE SERIE
Mención de serie Developmental management
500 ## - NOTA GENERAL
Nota general Indices.
610 27 - PUNTO DE ACCESO ADICIONAL DE MATERIA--NOMBRE DE ENTIDAD CORPORATIVA
Nombre de entidad corporativa o nombre de jurisdicción como elemento de entrada Comunidad Económica Europea.
9 (RLIN) 3130
651 #4 - PUNTO DE ACCESO ADICIONAL DE MATERIA--NOMBRE GEOGRÁFICO
Nombre geográfico Europa-
Subdivisión general Integración económica.
9 (RLIN) 8616
700 1# - ENTRADA AGREGADA--NOMBRE PERSONAL
Nombre de persona Lessem, Ronnie,
Término indicativo de función/relación
9 (RLIN) 195779
700 1# - ENTRADA AGREGADA--NOMBRE PERSONAL
Nombre de persona Jones, Lindsey,
Término indicativo de función/relación
9 (RLIN) 195780
830 0# - PUNTO DE ACCESO ADICIONAL DE SERIE-TÍTULO UNIFORME
Título uniforme Developmental management
9 (RLIN) 227998
852 ## - LOCALIZACIÓN
Ubicación ES-MaACL
Número de control de estantería L-16050
Sublocalización o colección R.120871
Existencias
Estatus retirado Estado de pérdida Estado de daño No para préstamo Biblioteca de origen Biblioteca actual Ubicación en estantería Fecha de adquisición Fuente de adquisición Total de préstamos Signatura topográfica completa Código de barras Visto por última vez Precio de reemplazo Tipo de ítem Koha
        Biblioteca del Ateneo de Madrid Biblioteca del Ateneo de Madrid Depósito 2 17/01/2008     L-16050 1008951 23/02/2023 23/02/2023 Libro impreso